000 00318 a2200109 4500
001 ART_58054
005 20260410161635.0
008 260409a
245 1 0 _aEvaluación de riesgos con un enfoque amplio
100 1 _aD´Onofrio, Paula Alejandra
773 0 _tEnfoques
_g- N° 3 (mar. 2023)
_wREV416
999 _c12844
_d12844